[Event "Standard for New Members, June 2006"]
[Site "SchemingMind.com"]
[Date "2006.06.08"]
[Round "-"]
[White "skycaptainblue"]
[Black "Desert Fox"]
[Result "0-1"]
[WhiteCountry "GBR"]
[BlackCountry "CRO"]
[WhiteElo "1770"]
[WhiteRD "122"]
[BlackElo "1870"]
[BlackRD "134"]
[GameID "54370"]

1. e4 e5 2. Nf3 Nc6 3. Bc4 Bc5 4. c3 Nf6 5. d3 a6 6. Bb3 d6 7. O-O O-O 8. h3 Ba7 9. Re1 Re8 10. Bg5 Be6
11. Bc2 Kh8 12. d4 exd4 13. cxd4 Qd7 14. d5 Bxh3 15. dxc6 Qg4 16. g3 Nxe4 17. Bxe4 Rxe4 18. Rxe4 Qxe4 19. cxb7 Qxb7 20. Qe2 Bg4
21. Kg2 h6 22. Be3 Bxe3 23. fxe3 Bxf3+ 24. Qxf3 Qxb2+ 25. Nd2 Qxd2+ 26. Kh3 Rf8 27. g4 f6 28. Kg3 Re8 29. Kf4 g5+ 30. Kf5 Qd3+
31. Kxf6 Rf8+
0-1

[Event "Standard for New Members, June 2006"]
[Site "SchemingMind.com"]
[Date "2006.06.08"]
[Round "-"]
[White "Desert Fox"]
[Black "skycaptainblue"]
[Result "1-0"]
[WhiteCountry "CRO"]
[BlackCountry "GBR"]
[WhiteElo "1625"]
[WhiteRD "97"]
[BlackElo "1638"]
[BlackRD "128"]
[GameID "54371"]

1. e4 c5 2. Nf3 d6 3. Bb5+ Bd7 4. Bxd7+ Nxd7 5. c4 Ngf6 6. Nc3 e6 7. d3 Be7 8. O-O O-O 9. a3 a6 10. b4 Rc8
11. Bb2 Qc7 12. Qe2 h6 13. Rfd1 Ne5 14. Nxe5 dxe5 15. Na4 cxb4 16. axb4 Bxb4 17. Rdb1 Bd6 18. Ba3 Bxa3 19. Rxa3 Rcd8 20. Rab3 Qd7
21. Nb6 Qd4 22. Qb2 Qc5 23. Na4 Qc6 24. Qa3 Rd7 25. Rb6 Qc8 26. Nc5 Rd4 27. Rxb7 Rfd8 28. R7b6 Nd7 29. Nxd7 Qxd7 30. g3 Rxd3
31. Qxa6 Rd4 32. c5 Rd1+ 33. Rxd1 Qxd1+ 34. Kg2 Qd4 35. Rd6 Qxe4+ 36. Kg1 Ra8 37. Qf1 Rc8 38. Qc1 Rb8 39. Rb6 Rc8 40. c6 Rc7
41. Qc5 Qe1+ 42. Kg2 Qe4+ 43. Kf1 Qd5 44. Qxd5= exd5 45. Rb5 Rxc6 46. Rxd5 f6 47. h4
1-0

[Event "Standard for New Members, June 2006"]
[Site "SchemingMind.com"]
[Date "2006.06.08"]
[Round "-"]
[White "kifosi"]
[Black "Desert Fox"]
[Result "0-1"]
[WhiteCountry "DEN"]
[BlackCountry "CRO"]
[WhiteElo "1650"]
[WhiteRD "136"]
[BlackElo "1870"]
[BlackRD "134"]
[GameID "54372"]

1. d4 d5 2. c4 c6 3. Nf3 Nf6 4. Nc3 e6 5. Bg5 Nbd7 6. e3 Qa5 7. Bd3 Bb4 8. Qb3 Ne4 9. Bxe4 Bxc3+ 10. Qxc3 Qxc3+
11. bxc3 dxe4 12. Nd2 f5 13. O-O e5 14. Rad1 h6 15. Bh4 g5 16. Bg3 f4 17. exf4 exf4 18. Nxe4 O-O 19. Rde1 fxg3 20. fxg3 Rxf1+
21. Rxf1 b6 22. Nf6+ Nxf6 23. Rxf6 Ba6 24. Rxc6 Kg7 25. c5 Rf8 26. h3 Rf1+ 27. Kh2 Rf6 28. Rc7+ Rf7 29. Rxf7+ Kxf7 30. cxb6 axb6
31. h4 g4 32. Kg1= Ke6 33. Kf2 Bc4 34. a3 Kf5 35. Ke3 h5 36. a4 Bb3 37. Kd3 Bxa4 38. c4 b5 39. cxb5 Bxb5+
0-1

[Event "Standard for New Members, June 2006"]
[Site "SchemingMind.com"]
[Date "2006.06.08"]
[Round "-"]
[White "kifosi"]
[Black "skycaptainblue"]
[Result "1/2-1/2"]
[WhiteCountry "DEN"]
[BlackCountry "GBR"]
[WhiteElo "1650"]
[WhiteRD "136"]
[BlackElo "1770"]
[BlackRD "122"]
[GameID "54373"]

1. d4 Nf6 2. Bg5 d5 3. Bxf6 exf6 4. e3 Bd6 5. c4 O-O 6. cxd5 Bb4+ 7. Nd2 Qxd5 8. Nf3 h6 9. a3 Bxd2+ 10. Qxd2 Bf5
11. Bd3 Bxd3 12. Qxd3 c5 13. O-O cxd4 14. Qxd4 Qb5 15. Rfd1 Nc6 16. Qc3 Rac8 17. Nd4 Nxd4 18. Qxd4 Rfd8 19. Qxd8+ Rxd8 20. Rxd8+ Kh7
21. Rd2 a5 22. Rad1 a4 23. g3 Kg6 24. h4 h5 25. Kg2= Qc6+ 26. Kg1 b5 27. Rd6 Qc2 28. R1d2= Qb1+ 29. Kg2 Qe4+ 30. Kg1 Qc4
31. R6d4 Qc1+ 32. Kg2 f5 33. Rd6+ f6 34. Kf3 Qh1+ 35. Ke2 f4 36. exf4 Qe4+ 37. Kf1 Qh1+= 38. Ke2 Qe4+= 39. Kf1 Qh1+ 40. Ke2
1/2-1/2

[Event "Standard for New Members, June 2006"]
[Site "SchemingMind.com"]
[Date "2006.06.08"]
[Round "-"]
[White "Desert Fox"]
[Black "kifosi"]
[Result "0-1"]
[WhiteCountry "CRO"]
[BlackCountry "DEN"]
[WhiteElo "1864"]
[WhiteRD "152"]
[BlackElo "1739"]
[BlackRD "195"]
[GameID "54374"]

1. e4 c5 2. Nf3 e6 3. c3 Nf6 4. e5 Nd5 5. Bc4 b6 6. O-O Bb7 7. d4 cxd4 8. Nxd4 Qc7 9. Qe2 Be7 10. Bb3 Nc6
11. Nxc6 Qxc6 12. Rd1 Nxc3 13. Qf3 Qxf3 14. gxf3 Nxd1 15. Bxd1 Bc5 16. Be3 d6 17. Ba4+ Ke7 18. Nc3 Bxe3 19. exd6+ Kxd6 20. Rd1+ Bd5
21. fxe3 Kc5 22. Nxd5 exd5 23. Rc1+ Kd6 24. Rc6+ Ke7 25. Rc7+ Kf6
0-1

[Event "Standard for New Members, June 2006"]
[Site "SchemingMind.com"]
[Date "2006.06.08"]
[Round "-"]
[White "skycaptainblue"]
[Black "kifosi"]
[Result "1-0"]
[WhiteCountry "GBR"]
[BlackCountry "DEN"]
[WhiteElo "1770"]
[WhiteRD "122"]
[BlackElo "1650"]
[BlackRD "136"]
[GameID "54375"]

1. e4 d5 2. exd5 Qxd5 3. Nf3 Nf6 4. Be2 Bg4 5. O-O Nc6 6. c4 Qd7 7. Nc3 e5 8. d3 Bd6 9. h3 Bxh3 10. gxh3 Qxh3
11. Ng5 Qh4 12. Kg2 Bc5 13. Be3 Bxe3 14. fxe3 Qxg5+ 15. Kf2 Qf5+ 16. Ke1 Qe6 17. Nb5 O-O-O 18. Rg1 a6 19. Nc3 g6 20. Qb3 Nd7
21. a4 Nc5 22. Qc2 f5 23. b4 Nd7 24. b5 axb5 25. axb5 Ncb8 26. Bf3 Nc5 27. Rd1 e4 28. dxe4 Rxd1+ 29. Kxd1 Rd8+ 30. Kc1 fxe4
31. Bg4 Nd3+ 32. Kb1 Qxg4 33. Rxg4 Re8 34. Rxe4
1-0

[Event "Standard for New Members, June 2006"]
[Site "SchemingMind.com"]
[Date "2006.06.09"]
[Round "-"]
[White "cedriczg"]
[Black "Desert Fox"]
[Result "0-1"]
[WhiteCountry "URU"]
[BlackCountry "CRO"]
[WhiteElo "1733"]
[WhiteRD "117"]
[BlackElo "1857"]
[BlackRD "118"]
[GameID "54472"]

1. d4 d5 2. c4 c6 3. e3 Bf5 4. Nc3 e6 5. cxd5 exd5 6. Bd3 Bxd3 7. Qxd3 Nf6 8. Nf3 Nbd7 9. Bd2 Bd6 10. Nh4 Bb4
11. O-O O-O 12. Ne2 Bxd2 13. Qxd2 Ne4 14. Qb4 Qxh4 15. Qxb7 Ndf6 16. f3 Nd6 17. Qxc6 Nc4 18. Ng3 Nxe3 19. Rfe1 Rac8 20. Qa6 Nc2
21. Rac1 Qxd4+ 22. Kh1 Qb6 23. Qxb6 axb6 24. Re5 Nb4 25. Rce1 Rfe8 26. Rxe8+ Rxe8 27. Ra1 d4 28. h3 d3 29. a3 d2 30. Ne4 Nxe4
31. Kg1 Nc3
0-1

[Event "Standard for New Members, June 2006"]
[Site "SchemingMind.com"]
[Date "2006.06.09"]
[Round "-"]
[White "cedriczg"]
[Black "kifosi"]
[Result "0-1"]
[WhiteCountry "URU"]
[BlackCountry "DEN"]
[WhiteElo "1733"]
[WhiteRD "117"]
[BlackElo "1632"]
[BlackRD "95"]
[GameID "54473"]

1. e4 c6 2. d4 d5 3. e5 Bf5 4. Bd3 Bxd3 5. Qxd3 Qa5+ 6. Bd2 Qb6 7. b3 e6 8. Ne2 c5 9. O-O Nc6 10. Be3 cxd4
11. Bxd4 Nxd4 12. Nxd4 Bc5 13. c3 Ne7 14. Nd2 Ng6 15. N2f3 O-O 16. Rab1 Rac8 17. b4 Bxd4 18. cxd4 Rc4 19. a3 Rfc8 20. Rfd1 Rc3
21. Qd2 Qc6 22. h4 h6 23. h5 Ne7 24. b5 Qc7 25. a4 b6 26. Qf4 Qd8 27. g4 R8c4 28. Ra1 Kf8 29. g5 hxg5 30. Nxg5 Nf5
31. Kg2 Qe7 32. a5 Rc8 33. axb6 axb6 34. Ra6 Qd8 35. Rda1 R3c4 36. R6a4 Kg8 37. Qg4 Rxd4 38. Rxd4 Nxd4 39. Nxf7 Kxf7 40. Qxd4 Qg5+
41. Kf1 Qxh5 42. Ra7+ Kg8 43. Qf4 Qh1+ 44. Ke2 Rc2+ 45. Ke3 Qe1+ 46. Kf3 Qxf2+ 47. Kg4 Qg1+ 48. Kh3 Rc3+ 49. Kh4 Qh1+ 50. Kg5 Qh6+
51. Kg4 Qh3+ 52. Kg5 Rg3+ 53. Qxg3 Qxg3+ 54. Kh5 Qxe5+ 55. Kg6 Qf5#
0-1

[Event "Standard for New Members, June 2006"]
[Site "SchemingMind.com"]
[Date "2006.06.09"]
[Round "-"]
[White "cedriczg"]
[Black "skycaptainblue"]
[Result "1-0"]
[WhiteCountry "URU"]
[BlackCountry "GBR"]
[WhiteElo "1733"]
[WhiteRD "117"]
[BlackElo "1638"]
[BlackRD "112"]
[GameID "54474"]

1. d4 Nf6 2. Nc3 d5 3. Nf3 h6 4. Bf4 Bf5 5. e3 e6 6. Nb5 Bd6 7. Ne5 O-O 8. Bd3 Bxd3 9. Qxd3 a6 10. Nxd6 cxd6
11. Nf3 Re8 12. O-O Nc6 13. a3 e5 14. Qb3 exf4 15. exf4 b5 16. c3 Ne4 17. Qxd5 Na5 18. Rfe1 Nf6 19. Rxe8+ Nxe8 20. a4 Nf6
21. Qf5 Nc6 22. axb5 axb5 23. Rxa8 Qxa8 24. h3 Ne7 25. Qxb5 Ne4 26. c4 Nf5 27. Qxf5 g6 28. Qd5 Qa1+ 29. Kh2 Nxf2 30. b4 Qc1
31. Qa8+ Kg7 32. Kg3 Nd3 33. Qe4 Qxc4 34. f5 g5 35. Nd2 Qc3 36. Nf3
1-0

[Event "Standard for New Members, June 2006"]
[Site "SchemingMind.com"]
[Date "2006.06.09"]
[Round "-"]
[White "Desert Fox"]
[Black "cedriczg"]
[Result "0-1"]
[WhiteCountry "CRO"]
[BlackCountry "URU"]
[WhiteElo "1699"]
[WhiteRD "86"]
[BlackElo "1778"]
[BlackRD "116"]
[GameID "54475"]

1. Nf3 d5 2. b3 Nc6 3. Bb2 e6 4. d4 Nf6 5. e3 Be7 6. Bd3 Ne4 7. Nbd2 Nxd2 8. Qxd2 Bd7 9. O-O O-O 10. c4 Nb4
11. Bb1 f5 12. Ne5 Nc6 13. Nxd7 Qxd7 14. f4 Bf6 15. Rf3 Ne7 16. Bd3 c6 17. Rc1 Ng6 18. cxd5 exd5 19. Rh3 Be7 20. b4 Nh4
21. a3 Rae8 22. Qf2 Qe6 23. Re1 Ng6 24. Qf3 Bd6 25. Bc3 Re7 26. Qh5 h6 27. Rg3 Rf6 28. Rxg6 Qf7 29. Bxf5 Rxf5 30. Qg4 Bxf4
31. exf4 Rxe1+ 32. Bxe1 Rxf4 33. Rxg7+ Qxg7 34. Qxf4 h5 35. Bd2 Qg6 36. Qg5 Kh7 37. Qxg6+ Kxg6 38. Kf2 Kf5
0-1

[Event "Standard for New Members, June 2006"]
[Site "SchemingMind.com"]
[Date "2006.06.09"]
[Round "-"]
[White "kifosi"]
[Black "cedriczg"]
[Result "0-1"]
[WhiteCountry "DEN"]
[BlackCountry "URU"]
[WhiteElo "1650"]
[WhiteRD "136"]
[BlackElo "1708"]
[BlackRD "162"]
[GameID "54476"]

1. d4 Nf6 2. c4 e6 3. Nf3 Bb4+ 4. Nc3 Ne4 5. Bd2 Nxd2 6. Qxd2 Nc6 7. e3 b6 8. a3 Bxc3 9. Qxc3 Qf6 10. Be2 O-O
11. O-O a5 12. b4 axb4 13. axb4 Rxa1 14. Rxa1 Bb7 15. Nd2 Qg6 16. Bf3 h5 17. b5 Na5 18. Bxb7 Nxb7 19. g3 h4 20. Qc1 h3
21. Qb1= Qh5 22. Qe4 Nd6 23. Qf3 Qxf3 24. Nxf3 Nxc4 25. Kf1 f6 26. Ng1 Nd6 27. Nxh3 Nxb5 28. Nf4 Kf7 29. Nd3 Rh8 30. h4 g5
0-1

[Event "Standard for New Members, June 2006"]
[Site "SchemingMind.com"]
[Date "2006.06.09"]
[Round "-"]
[White "skycaptainblue"]
[Black "cedriczg"]
[Result "0-1"]
[WhiteCountry "GBR"]
[BlackCountry "URU"]
[WhiteElo "1638"]
[WhiteRD "112"]
[BlackElo "1733"]
[BlackRD "117"]
[GameID "54477"]

1. e4 g6 2. d4 Bg7 3. Nf3 d6 4. Bd3 Bg4 5. c3 Nf6 6. Nbd2 O-O 7. Qb3 c6 8. Qxb7 Qd7 9. Qxd7 Nbxd7 10. O-O Rfe8
11. h3 Be6 12. Ng5 Nf8 13. Nxe6 fxe6 14. f4 N8d7 15. Nf3 Rf8 16. e5 Nd5 17. Bd2 Nxf4 18. Bxf4 Rxf4 19. exd6 exd6 20. Rae1 e5
21. dxe5 dxe5 22. Bc2 h6 23. Bb3+ Kh7 24. Be6 Nc5 25. Bc4 Rxc4 26. Nxe5 Bxe5 27. Rxe5 h5 28. g3 Nd3 29. Re7+ Kh6 30. h4 Nxb2
31. Rff7 Rh8 32. Rxa7 Rxc3 33. Kg2 c5 34. a4 c4 35. a5 Ra3 36. Rfc7 Rd3
0-1

[Event "Standard for New Members, June 2006"]
[Site "SchemingMind.com"]
[Date "2006.06.09"]
[Round "-"]
[White "scottie"]
[Black "Desert Fox"]
[Result "0-1"]
[WhiteCountry "ENG"]
[BlackCountry "CRO"]
[WhiteElo "1385"]
[WhiteRD "154"]
[BlackElo "1864"]
[BlackRD "152"]
[GameID "54546"]

1. e4 e5 2. Nf3 Nc6 3. d4 exd4 4. Nxd4 Bc5 5. Nc3 Bxd4 6. Qd2 Qf6 7. Nd5 Qe5 8. Nxc7+ Qxc7 9. c3 Bb6 10. Bd3 Nf6
11. O-O O-O 12. Qf4 Qxf4 13. Bxf4 Ng4 14. Rae1 Bxf2+ 15. Rxf2 Nxf2 16. Kxf2 b6 17. b4 Bb7 18. a3 Rfe8 19. Kf3 Ne5+ 20. Ke3 Nxd3
21. Kxd3 d6 22. Ke3 Rxe4+
0-1

[Event "Standard for New Members, June 2006"]
[Site "SchemingMind.com"]
[Date "2006.06.09"]
[Round "-"]
[White "scottie"]
[Black "cedriczg"]
[Result "0-1"]
[WhiteCountry "ENG"]
[BlackCountry "URU"]
[WhiteElo "1333"]
[WhiteRD "108"]
[BlackElo "1762"]
[BlackRD "147"]
[GameID "54547"]

1. e4 e5 2. Nf3 Nc6 3. d4 Bd6 4. d5 Nce7 5. Nc3 Nf6 6. Be2 O-O 7. O-O Ng6 8. Bg5 Be7 9. Qd2 d6 10. h3 h6
11. Be3 c6 12. dxc6 bxc6 13. Bxh6 gxh6 14. Qxh6 Nh7 15. g3 Qe8 16. h4 f6 17. Nh2 Qf7 18. Bg4 Qg7 19. Qxg7+ Kxg7 20. Ne2 Rg8
21. Rad1 Kf7 22. b3 Bxg4 23. Nxg4 Rg7 24. c4 Nxh4 25. f3 Nxf3+ 26. Rxf3 Rxg4 27. Re3 Rag8 28. Kg2 Ng5 29. Nc3 Ne6 30. Rh1 Nd4
31. Ne2 Nxe2 32. Rxe2 Rxg3+ 33. Kf2 Rg2+ 34. Kf1 Rxe2 35. Kxe2 Rg2+ 36. Kd3 Rxa2 37. Kc3 a5 38. Rb1 Rf2
0-1

[Event "Standard for New Members, June 2006"]
[Site "SchemingMind.com"]
[Date "2006.06.09"]
[Round "-"]
[White "scottie"]
[Black "kifosi"]
[Result "0-1"]
[WhiteCountry "ENG"]
[BlackCountry "DEN"]
[WhiteElo "1356"]
[WhiteRD "107"]
[BlackElo "1650"]
[BlackRD "136"]
[GameID "54548"]

1. e4 c6 2. c4 e6 3. Nc3 d5 4. exd5 exd5 5. cxd5 cxd5 6. Qe2+ Be7 7. Qb5+ Nc6 8. Nxd5 Nf6 9. Nxf6+ Bxf6 10. Nf3 O-O
11. Be2 Re8 12. O-O a6 13. Qd3 Bg4 14. Qxd8 Raxd8 15. Rb1 Rxe2 16. d3 Bxf3 17. gxf3 Rxd3 18. Be3 Rxb2 19. Rxb2 Bxb2 20. Rb1 Bd4
21. Bxd4 Rxd4 22. Rxb7 g6 23. Rb6 Ne5 24. Rxa6 Nxf3+ 25. Kg2 Ne5 26. f4 Rxf4 27. Kg3 Rf5 28. Ra5 Kg7 29. a4 Nc4 30. Rxf5 gxf5
31. Kf4 Kf6 32. h3 h6 33. h4 h5 34. Kf3 Ke5 35. Ke2 Ke4 36. Kf2 f4 37. Kg2 f3+ 38. Kf2 f6
0-1

[Event "Standard for New Members, June 2006"]
[Site "SchemingMind.com"]
[Date "2006.06.09"]
[Round "-"]
[White "scottie"]
[Black "skycaptainblue"]
[Result "0-1"]
[WhiteCountry "ENG"]
[BlackCountry "GBR"]
[WhiteElo "1385"]
[WhiteRD "154"]
[BlackElo "1871"]
[BlackRD "165"]
[GameID "54549"]

1. e4 c5 2. c4 d6 3. Nc3 e6 4. d3 Nf6 5. Nf3 Be7 6. Nb5 a6 7. Nc3 O-O 8. Be2 Bd7 9. O-O b5 10. b3 bxc4
11. bxc4 Nc6 12. Be3 Ng4 13. Bf4 Nf6 14. Rb1 Qa5 15. Qc2 Nd4 16. Nxd4 cxd4 17. Nd1 e5 18. Bd2 Qc7 19. Rb4 d5 20. exd5 Bxb4
21. Bxb4 Rfb8 22. a3 a5 23. Be7 Ne8 24. Bg5 h6 25. Bd2 Nd6 26. f3 Nf5 27. g4 Ne7 28. f4 f6 29. f5 Rb7 30. c5 Nxd5
31. Bf3 Bc6 32. Qa2 Rd8 33. Nf2 Kf8 34. Rb1 Nc3 35. Rxb7 Bxb7 36. Bxb7 Nxa2 37. Bf3 Qxc5
0-1

[Event "Standard for New Members, June 2006"]
[Site "SchemingMind.com"]
[Date "2006.06.09"]
[Round "-"]
[White "Desert Fox"]
[Black "scottie"]
[Result "1-0"]
[WhiteCountry "CRO"]
[BlackCountry "ENG"]
[WhiteElo "1864"]
[WhiteRD "152"]
[BlackElo "1385"]
[BlackRD "154"]
[GameID "54551"]

1. e4 e5 2. Nf3 d6 3. d4 exd4 4. Nxd4 Nf6 5. Nc3 Qe7 6. Bd3 d5 7. O-O dxe4 8. Nxe4 Nxe4 9. Bxe4 Qd6 10. Nb5 Qxd1
11. Rxd1 Bg4 12. Nxc7+ Ke7 13. f3 Bd7 14. Nxa8 b6 15. Nc7 Kd8 16. Nd5 Bc5+ 17. Be3 Bxe3+ 18. Nxe3 Ke7 19. Nf5+ Ke6 20. Nxg7+
1-0

[Event "Standard for New Members, June 2006"]
[Site "SchemingMind.com"]
[Date "2006.06.10"]
[Round "-"]
[White "cedriczg"]
[Black "scottie"]
[Result "1-0"]
[WhiteCountry "URU"]
[BlackCountry "ENG"]
[WhiteElo "1708"]
[WhiteRD "162"]
[BlackElo "1356"]
[BlackRD "107"]
[GameID "54552"]

1. e4 e5 2. Nf3 d6 3. d4 exd4 4. Nxd4 Nf6 5. Bg5 Be7 6. Bxf6 Bxf6 7. c3 O-O 8. Bd3 Nd7 9. Nd2 Bxd4 10. cxd4 a6
11. O-O b5 12. Nf3 Bb7 13. Re1 Re8 14. Qc2 Re7 15. Re3 Qf8 16. e5 dxe5 17. Bxh7+ Kh8 18. Ng5 Ree8 19. Rh3 Nf6 20. Bg6+ Kg8
21. Bxf7+ Qxf7 22. Nxf7 Kxf7 23. Qxc7+
1-0

[Event "Standard for New Members, June 2006"]
[Site "SchemingMind.com"]
[Date "2006.06.09"]
[Round "-"]
[White "kifosi"]
[Black "scottie"]
[Result "1-0"]
[WhiteCountry "DEN"]
[BlackCountry "ENG"]
[WhiteElo "1739"]
[WhiteRD "195"]
[BlackElo "1385"]
[BlackRD "154"]
[GameID "54553"]

1. e4 e5 2. f4 exf4 3. Nf3 g5 4. Bc4 Nc6 5. O-O Bc5+ 6. d4 Nxd4 7. Nxd4 Qf6 8. c3 Ne7 9. Kh1 Bxd4 10. Qxd4 Qxd4
11. cxd4 d6 12. Bxf4 gxf4 13. Rxf4 Rf8 14. Nc3 a6 15. Raf1 b5 16. Bxf7+ Kd8 17. Bd5
1-0

[Event "Standard for New Members, June 2006"]
[Site "SchemingMind.com"]
[Date "2006.06.09"]
[Round "-"]
[White "skycaptainblue"]
[Black "scottie"]
[Result "1-0"]
[WhiteCountry "GBR"]
[BlackCountry "ENG"]
[WhiteElo "1871"]
[WhiteRD "165"]
[BlackElo "1385"]
[BlackRD "154"]
[GameID "54554"]

1. e4 e5 2. Nf3 d6 3. Bc4 h6 4. O-O Nc6 5. c3 Nf6 6. d3 Qe7 7. Re1 g5 8. d4 g4 9. dxe5 dxe5 10. Nfd2 h5
11. Nf1 Bd7 12. Bg5 Bg7 13. Ng3 Qc5 14. Qe2 O-O-O 15. Bxf7 Rdf8 16. Bb3 Ne8 17. Be3 Qa5 18. Nd2 Nd6 19. Red1 Ne7 20. Nc4 Nxc4
21. Qxc4 Qb5 22. a4 Qxc4 23. Bxc4 Bh6 24. Rd3 Bxe3 25. fxe3 h4 26. Nf1 Rf6 27. Rad1 Rd8 28. b4 Rff8 29. a5 Ba4 30. Rxd8+ Rxd8
31. Be6+ Kb8 32. Rxd8+ Nc8 33. Rxc8#
1-0

[Event "Standard for New Members, June 2006"]
[Site "SchemingMind.com"]
[Date "2006.06.10"]
[Round "-"]
[White "Swapmeet"]
[Black "Desert Fox"]
[Result "1-0"]
[WhiteCountry "USA"]
[BlackCountry "CRO"]
[WhiteElo "1928"]
[WhiteRD "133"]
[BlackElo "1870"]
[BlackRD "134"]
[GameID "54664"]

1. e4 Nc6 2. d4 e5 3. Nf3 exd4 4. Nxd4 Bc5 5. Be3 Qf6 6. Nb5 Bxe3 7. fxe3 Qh4+ 8. g3 Qd8 9. Qg4 g6 10. Qf4 d6
11. N1c3 Be6 12. Nd5 Bxd5 13. exd5 Ne5 14. O-O-O a6 15. Nd4 Qf6 16. Bh3 Qxf4 17. exf4 Nd7 18. Rhe1+ Kf8 19. Bxd7
1-0

[Event "Standard for New Members, June 2006"]
[Site "SchemingMind.com"]
[Date "2006.06.10"]
[Round "-"]
[White "Swapmeet"]
[Black "cedriczg"]
[Result "1-0"]
[WhiteCountry "USA"]
[BlackCountry "URU"]
[WhiteElo "1928"]
[WhiteRD "133"]
[BlackElo "1708"]
[BlackRD "162"]
[GameID "54665"]

1. e4 e6 2. d4 d5 3. Nd2 Nc6 4. Ngf3 Bb4 5. c3 Ba5 6. Bd3 a6 7. O-O b5 8. exd5 exd5 9. Nb3 Nf6 10. Re1+ Ne7
11. Nxa5 O-O 12. Bg5 Ng6 13. Nc6 Qd6 14. Nce5 Bg4 15. Bxf6 Bxf3 16. Qxf3 Qxf6 17. Nxg6 fxg6 18. Qxf6 gxf6 19. Re7 Rac8 20. Rae1 f5
21. Rd7 Rfd8 22. Ree7 Rxd7 23. Rxd7 c6 24. Ra7 Re8 25. Kf1 f4 26. Rxa6 Re6 27. Bxb5 Kf7 28. Rxc6 Rxc6 29. Bxc6 Ke6 30. a4 Kd6
31. Bxd5 Kxd5 32. b4
1-0

[Event "Standard for New Members, June 2006"]
[Site "SchemingMind.com"]
[Date "2006.06.10"]
[Round "-"]
[White "Swapmeet"]
[Black "kifosi"]
[Result "0-1"]
[WhiteCountry "USA"]
[BlackCountry "DEN"]
[WhiteElo "1572"]
[WhiteRD "196"]
[BlackElo "1739"]
[BlackRD "195"]
[GameID "54666"]

1. e4 e5 2. Nf3 Nc6 3. d4 exd4 4. Nxd4 Qf6 5. Be3 Bc5 6. Nb5 Bxe3 7. fxe3 Qh4+ 8. g3 Qxe4 9. Nxc7+ Kd8 10. Nxa8 Qxh1
11. Qd6 Nf6 12. Nd2 Ne8 13. Qf4 Qd5 14. O-O-O Qxa2 15. Bc4 Qa5 16. Nb3 Qe5 17. Bxf7 Qxf4 18. exf4 b6
0-1

[Event "Standard for New Members, June 2006"]
[Site "SchemingMind.com"]
[Date "2006.06.10"]
[Round "-"]
[White "Swapmeet"]
[Black "scottie"]
[Result "1-0"]
[WhiteCountry "USA"]
[BlackCountry "ENG"]
[WhiteElo "1572"]
[WhiteRD "196"]
[BlackElo "1385"]
[BlackRD "154"]
[GameID "54667"]

1. e4 e5 2. Nf3 d6 3. d4 exd4 4. Qxd4 Nc6 5. Bb5 Bd7 6. Bxc6 Bxc6 7. Nc3 Nf6 8. Bg5 Be7 9. O-O-O O-O 10. Rhe1 Re8
11. Qd2 h6 12. Bf4 Qd7 13. Nd4 a5 14. Nf5 b5 15. Bxh6 gxh6 16. Qxh6
1-0

[Event "Standard for New Members, June 2006"]
[Site "SchemingMind.com"]
[Date "2006.06.10"]
[Round "-"]
[White "Swapmeet"]
[Black "skycaptainblue"]
[Result "1-0"]
[WhiteCountry "USA"]
[BlackCountry "GBR"]
[WhiteElo "1928"]
[WhiteRD "133"]
[BlackElo "1770"]
[BlackRD "122"]
[GameID "54668"]

1. e4 c5 2. Nf3 d6 3. d4 cxd4 4. Qxd4 a6 5. c4 e6 6. Bg5 Qa5+ 7. Bd2 Qc7 8. Be2 Nc6 9. Qe3 Nf6 10. Nc3 Be7
11. Nd4 Ne5 12. b3 O-O 13. h3 b6 14. f4 Nc6 15. Nxc6 Re8 16. Nxe7+ Qxe7 17. Bf3 Bb7 18. e5 dxe5 19. fxe5 Nh5 20. Bxb7 Qxb7
21. Qg5 g6 22. O-O-O b5 23. g4 Ng7 24. Qf6 Re7 25. Ne4 Ne8 26. Qf4 Qb8 27. Nf6+ Kh8 28. Qh6 Nxf6 29. exf6 Qf8 30. Qxf8+ Rxf8
31. fxe7
1-0

[Event "Standard for New Members, June 2006"]
[Site "SchemingMind.com"]
[Date "2006.06.10"]
[Round "-"]
[White "Desert Fox"]
[Black "Swapmeet"]
[Result "0-1"]
[WhiteCountry "CRO"]
[BlackCountry "USA"]
[WhiteElo "1699"]
[WhiteRD "86"]
[BlackElo "2030"]
[BlackRD "113"]
[GameID "54670"]

1. e4 e5 2. Nf3 Nf6 3. Nxe5 d6 4. Nf3 Nxe4 5. d4 d5 6. Bd3 Bd6 7. O-O O-O 8. c4 c6 9. cxd5 cxd5 10. Nc3 Nxc3
11. bxc3 Bg4 12. h3 Bh5 13. Re1 Re8 14. Rxe8+ Qxe8 15. Qe2 Nd7 16. Qxe8+ Rxe8 17. Bb5 Bxf3 18. Bxd7 Re7 19. gxf3 Rxd7 20. Bd2 Kf8
21. Re1= Re7 22. Rxe7 Kxe7 23. f4 Ke6 24. Kg2 Kf5 25. Kf3 h6 26. Bc1 f6 27. Bd2 g5 28. fxg5 fxg5 29. Ke3 Bf4+ 30. Kd3 Bxd2
31. Kxd2 g4 32. hxg4+ Kxg4 33. Kd3 h5 34. c4 dxc4+ 35. Kxc4 h4 36. d5 Kf5 37. d6 Ke6 38. Kc5 h3 39. f4 h2 40. f5+ Kd7
41. f6 h1=Q 42. f7 Qh5+
0-1

[Event "Standard for New Members, June 2006"]
[Site "SchemingMind.com"]
[Date "2006.06.10"]
[Round "-"]
[White "cedriczg"]
[Black "Swapmeet"]
[Result "1/2-1/2"]
[WhiteCountry "URU"]
[BlackCountry "USA"]
[WhiteElo "1789"]
[WhiteRD "115"]
[BlackElo "2018"]
[BlackRD "113"]
[GameID "54671"]

1. Nf3 Nf6 2. d4 g6 3. Nc3 d5 4. Bg5 Ne4 5. e3 Nxg5 6. Nxg5 e5 7. Nf3 e4 8. Nd2 Bg7 9. Nb3 O-O 10. Qd2 c6
11. O-O-O Nd7 12. f3 exf3 13. gxf3 b5 14. Bd3 a5 15. h4 a4 16. Nc5 Nxc5 17. dxc5 b4 18. Ne2 b3 19. a3 bxc2 20. Bxc2 Qe7
21. Nd4 Qxc5 22. h5 Qd6 23. h6 Bh8 24. f4 c5 25. Nf3 Bg4 26. Qg2 Bxf3 27. Qxf3 Rfb8 28. Rxd5 Bxb2+ 29. Kd2 Qxd5+ 30. Qxd5 Rd8
31. e4 Bxa3 32. Kc3 Rxd5 33. exd5 Bb4+ 34. Kc4 a3 35. d6 Kf8 36. f5 Ke8 37. fxg6 fxg6 38. Bxg6+ Kd7 39. Bxh7 a2 40. Bf5+ Kxd6
41. h7 Ke5 42. Bg6 Kf6= 43. Be4 Rb8 44. Bd5 Rh8 45. Bg8 Kg7 46. Rg1+ Kf6 47. Kb3 Bd2= 48. Kxa2 c4 49. Kb2 c3+ 50. Kc2 Be3
51. Rf1+ Kg7 52. Rf7+ Kg6 53. Kxc3 Bg5 54. Kd4 Bf6+ 55. Kd5 Bc3 56. Ke6 Kg5 57. Rc7 Bd4 58. Kf7 Kf5 59. Rd7 Bb2 60. Rd5+ Be5
61. Rb5 Kf4 62. Kg6 Ke4 63. Ra5 Bb2 64. Ra8 Bc3 65. Re8+ Kf4 66. Kh5 Ba1 67. Ra8= Bc3 68. Rc8=
1/2-1/2

[Event "Standard for New Members, June 2006"]
[Site "SchemingMind.com"]
[Date "2006.06.12"]
[Round "-"]
[White "kifosi"]
[Black "Swapmeet"]
[Result "1/2-1/2"]
[WhiteCountry "DEN"]
[BlackCountry "USA"]
[WhiteElo "1650"]
[WhiteRD "136"]
[BlackElo "1928"]
[BlackRD "133"]
[GameID "54672"]

1. e4 e5 2. f4 Nf6 3. fxe5 Nxe4 4. Nf3 Ng5 5. d4 Nxf3+ 6. Qxf3 Qh4+ 7. Qf2 Qxf2+ 8. Kxf2 d6 9. Bf4 dxe5 10. Bxe5 Kd8
11. Bc4 f6 12. Bg3 Nd7 13. Re1 Nb6 14. Bb3 Bd7 15. Nd2 Bc6 16. c3 Bd6 17. Bxd6 cxd6 18. Re3 Nd5 19. Bxd5 Bxd5 20. c4 Bf7
21. d5 Kd7 22. Rae1 Rhe8 23. Nf3 Rxe3 24. Rxe3 Re8 25. Nd4 Rxe3 26. Kxe3 a6 27. a4 g6 28. b4 Ke7 29. a5 f5 30. Kf4= Kf6
31. h4 h6 32. Nf3 Ke7 33. Nd4 Kf6 34. Nf3 Ke7 35. Nd4 Kf6=
1/2-1/2